| 000 | 01051cab a2200205 4500 | ||
|---|---|---|---|
| 001 | ##L136141 | ||
| 008 | 070115n2007 000 0 eng u | ||
| 035 | _a(Sirsi) u136141 | ||
| 041 | 0 | _aeng | |
| 100 | 1 | _aRawlinson, Simon | |
| 245 | 0 | 0 |
_aSustainability _boffices |
| 260 | _c2007 | ||
| 490 | 0 |
_aBuilding _v272(8462) 12 January 2007, 54-58(5) |
|
| 520 | _aExamines occupier expectations of the sustainability agenda and the impact of this on the commercial offices sector. Highlights sustainability strategies for commercial offices, including carbon reduction initiatives, materials selection, recycling and waste management, and water consumption in use. Also looks at areas to address to deliver sustainability aspirations and a case study, which illustrates how a tenant can take an active role in improving a development's sustainability performance. | ||
| 590 | _aKA | ||
| 651 | 4 |
_aUnited Kingdom _y |
|
| 690 | _aPROPERTY-COMMERCIAL PROPERTY-OFFICE PROPERTY | ||
| 690 | _aENVIRONMENTAL AND LAND CONSULTANCY-SUSTAINABILITY | ||
| 942 | _n0 | ||
| 999 |
_c78152 _d78152 |
||